000 00209nam a2200085Ia 4500
008 120527s9999 xx 000 0 und d
100 _aHarshbarger & Reynolds
245 _aMathematical Application
942 _cBK
999 _c27867
_d27867